|
|
|
|
| LEADER |
00000nam0a2200000 4500 |
| 001 |
156486 |
| 005 |
20231101221915.0 |
| 010 |
|
|
|a 5982983446
|
| 035 |
|
|
|a (RuTPU)RU\TPU\book\169727
|
| 090 |
|
|
|a 156486
|
| 100 |
|
|
|a 20090327d2008 m y0rusy50 ca
|
| 101 |
0 |
|
|a rus
|
| 102 |
|
|
|a RU
|
| 105 |
|
|
|a a j 001zy
|
| 200 |
1 |
|
|a Эффективность систем энергосбережения
|e методические указания
|f Г. З. Маркман
|g Томский политехнический университет (ТПУ)
|
| 210 |
|
|
|a Томск
|c Изд-во ТПУ
|d 2008
|
| 215 |
|
|
|a 36 с.
|c ил.
|
| 320 |
|
|
|a Библиография в конце лабораторных работ
|
| 452 |
|
1 |
|0 (RuTPU)RU\TPU\book\204676
|t Эффективность систем энергосбережения
|o методические указания
|f Г. З. Маркман
|g Томский политехнический университет (ТПУ)
|c Томск
|n Изд-во ТПУ
|d 2008
|a Маркман, Григорий Зямович
|
| 512 |
1 |
|
|a Энергосбережение и энергоэффективность
|
| 606 |
1 |
|
|a Энергосбережение
|2 stltpush
|3 (RuTPU)RU\TPU\subj\27845
|9 51534
|
| 610 |
1 |
|
|a электрическая энергия
|
| 610 |
1 |
|
|a экономия
|
| 610 |
1 |
|
|a разомкнутые сети
|
| 610 |
1 |
|
|a напряжение
|
| 610 |
1 |
|
|a регулирование
|
| 610 |
1 |
|
|a реактивная мощность
|
| 610 |
1 |
|
|a малозагруженные двигатели
|
| 610 |
1 |
|
|a замена
|
| 610 |
1 |
|
|a числовые характеристики
|
| 610 |
1 |
|
|a гистограммы
|
| 610 |
1 |
|
|a электроэнергия
|
| 610 |
1 |
|
|a промышленные предприятия
|
| 610 |
1 |
|
|a лабораторные работы
|
| 610 |
1 |
|
|a учебные пособия
|
| 610 |
1 |
|
|a труды учёных ТПУ
|
| 610 |
1 |
|
|a электроэнергетика
|
| 675 |
|
|
|a 620.9:658.5(076.5)
|v 3
|
| 700 |
|
1 |
|a Маркман
|b Г. З.
|g Григорий Зямович
|
| 712 |
0 |
2 |
|a Томский политехнический университет (ТПУ)
|c (1991- )
|2 stltpush
|3 (RuTPU)RU\TPU\col\376
|
| 801 |
|
1 |
|a RU
|b 63413507
|c 20090327
|g PSBO
|
| 801 |
|
2 |
|a RU
|b 63413507
|c 20201119
|g PSBO
|
| 900 |
|
|
|a Энергосбережение и энергоэффективность
|
| 900 |
|
|
|a Методы и средства энергосбережения на промышленных предприятиях
|
| 900 |
|
|
|a Энергосбережение на промышленных предприятиях
|
| 900 |
|
|
|a Энерго- и ресурсосбережение на промышленных и коммунально-бытовых объектах
|
| 942 |
|
|
|c BK
|